000 00871nam a2200265 4500
003 OSt
005 20260530115322.0
008 260520b2024 mx ||||| |||| 00| 0 spa d
020 _a9786079851491
040 _aICI
_bspa
_cICI
_erda
050 _aNK1174
_bD56
100 _aMallet, Ana Elena
_eautor
245 _aDiseño en femenino :
_bMéxico presente /
_cCuraduría Ana Elena Mallet, Pilar Obeso ;
264 1 _aCiudad de México
_bMuseo Franz Mayer:
_c2024
300 _a 171 páginas :
_bilustraciones
336 _2rdacontent
_atexto
337 _2rdamedia
_asin medio
338 _2rdacarrier
_avolumen
650 4 _aDiseñadoras
_vExposiciones
_934564
650 4 _aDiseño
_xMéxico
_934565
700 _a Obeso, Pilar
_eautor
_934566
700 _aNagao, Debra
_etraductor
_92576
700 _aNeuhousser, Julianna
_etraductor
_934567
942 _2lcc
_n1
_cBK
999 _c13820
_d13820